000 00493nam a22001817a 4500
005 20260225150436.0
008 260225b |||||||| |||| 00| 0 eng d
020 _a978-178583511-7
050 _aG 73 E57 2021
_b1
100 _aENSER ,MARK
245 _aPOWERFUL GEOGRAPHY
260 _aBANCYFELIN , CAMARTHEN, WALES
_bCROWN HOUSE
_c2021
300 _aV 182P
500 _aINCLUIDES BIBLIOGRAPHY AND APENDIX
650 _aPOWERFUL GEOGRAPHY
700 _aENSER ,MARK
942 _2lcc
_cBK
999 _c216663
_d216663